000
00306nam a22001457a 4500
008
210609b ||||| |||| 00| 0 eng d
020
_a
9780321703781
041
_a
eng
080
_a
004
082
_a
004
100
_a
28
101
_a
SHKI
245
_a
Joomla! explained
_c
Burge,S
942
_2
udc
_c
BK
999
_c
58082
_d
58082